Discurso pronunciado por el Licenciado D. Manuel Larrainzar, diputado por el Departamento de Chiapas, en la sesión del dia 26 de noviembre del corriente año

Detalles Bibliográficos
Autor principal: Larrainzar, Manuel, 1809-1884
Formato: Libro
Lenguaje:Spanish
Publicado: Mexico : impreso por Jose M. F. de Lara, 1836.
Materias:
Colección:Banco de datos
Acervo:Fondo Bibliográfico Antiguo Víctor Manuel Castillo de la Universidad de Ciencias y Artes de Chiapas
Descripción Física:19 p. ; 4°
Tema general:Política
Notas:Portada tipográfica con pleca en grabado xilográfico. Texto a renglón seguido con notas a pie de página. Incluye capitular en grabado xilográfico
LEADER 00821nam a22001690004500
035 |a 400 
041 0 |a spa 
100 1 |a Larrainzar, Manuel, 1809-1884 
245 1 0 |a Discurso pronunciado por el Licenciado D. Manuel Larrainzar, diputado por el Departamento de Chiapas, en la sesión del dia 26 de noviembre del corriente año 
260 |a Mexico : impreso por Jose M. F. de Lara, 1836. 
300 |a 19 p. ; 4° 
500 |a Portada tipográfica con pleca en grabado xilográfico. Texto a renglón seguido con notas a pie de página. Incluye capitular en grabado xilográfico  
650 1 0 |a Política 
949 |a UNICACH, Colección de Víctor Manuel Castillo: 02593-P 
942 |c CHIACASTI 
943 |g Fondo Bibliográfico Antiguo Víctor Manuel Castillo de la Universidad de Ciencias y Artes de Chiapas 
999 |c 1098696  |d 1098696